Cuentos y novelas / (Record no. 152199)

MARC details
000 -LEADER
campo de control de longitud fija 00673nam a2200169 i 4500
001 - NÚMERO DE CONTROL
campo de control 152199
003 - IDENTIFICADOR DE NÚMERO DE CONTROL
campo de control ES-MaACL
005 - FECHA Y HORA DE LA ÚLTIMA TRANSACCIÓN
campo de control 20230910063055.0
008 - DATOS DE LONGITUD FIJA--INFORMACIÓN GENERAL
campo de control de longitud fija 931025s1882 sp |||| | spa d
100 1# - ENTRADA PRINCIPAL--NOMBRE DE PERSONA
Nombre de persona Blanco Asenjo, Ricardo,
Fechas asociadas al nombre 1847-1897
9 (RLIN) 126008
245 10 - MENCIÓN DEL TÍTULO
Título Cuentos y novelas /
Mención de responsabilidad, etc. Ricardo Blanco Asenjo.
260 ## - PUBLICACIÓN, DISTRIBUCIÓN, ETC.
Lugar de publicación, distribución, etc. Madrid :
Nombre del editor, distribuidor, etc. [s.n.],
Fecha de publicación, distribución, etc. 1882 (
Fabricante Gabriel Pedraza)
300 ## - DESCRIPCIÓN FÍSICA
Extensión 276 p., [2] h. ;
Dimensiones 18 cm.
505 8# - NOTA DE CONTENIDO CON FORMATO
Nota de contenido con formato Contiene: Narraciones alegres ; Historias alegres ; Historias tristres ; La noche buena del poeta ; Cuatro estaciones ; Memorias de un cómico ; Delirios
852 ## - LOCALIZACIÓN
Ubicación ES-MaACL
Número de control de estantería G-7845
Nota libre -- Enc. pasta española
Holdings
Estatus retirado Estado de pérdida Estado de daño No para préstamo Colección Biblioteca de origen Biblioteca actual Ubicación en estantería Fecha de adquisición Fuente de adquisición Total de préstamos Signatura topográfica completa Código de barras Visto por última vez Precio de reemplazo Tipo de ítem Koha
        Libros del s. XIX Biblioteca del Ateneo de Madrid Biblioteca del Ateneo de Madrid Sala Pecera Planta 3 17/01/2008     G-7845 1158894 23/02/2023 23/02/2023 Libro impreso antiguo